000 00844nas a2200265 4500
001 BR0801048
003 BR-BrBNA
005 20231205111624.0
007 ta
008 230509b bl.|||p| |||| 00| 00por d
040 _aBR-BrBNA
_bpor
_cBiblioteca Nacional de Agricultura
041 _a(Pt)
072 _aL20
100 1 _aBranco, J.O.
100 1 _aBranco, M.J.L.
100 1 _aSouto, F.X.
245 1 _aEstrutura populacional de Portunus spinimanus Latreille (Crustacea, Portunidae)na Armação do Itapocoroy, Penha, Santa Catarina, Brasil
650 _aCRUSTACEO
650 _aECOLOGIA
650 _aPOPULAÇÃO
650 _aSANTA CATARINA
773 0 _tRevista Brasileira de Zoologia (Brazil)
_xISSN 0101-8175
_g(Sep 2002), v. 19(3) p. 731-738
_wBR0801048
909 _a202311
_bLúcia
_c55
_dLúcia Elande
942 _2AGRIS
_n0
_cANA
999 _c193593
_d193593